01061nam a2200253 a 450000100060000000300080000600500170001400800410003103500190007204000350009104100080012608200380013411000630017224501530023524600770038826000470046530000240051249000310053650000320056765100620059965100850066170000300074683000310077665409BD-RjUL20211209081425.0170601s1952 pk ||||||||s|o00| 0 eng d a(BD-RjUL)65539 aBD-RjULbengcBD-RjULdBD-RjUL aeng 223 a304.609549021bRAW 1952 (VL)1 aPakistan.boffice of the Provincial Superintendent Census.10aCensus of Pakistan, 1951 :bVillage list : Rawalpindi District /cPakistan. office of the Provincial Superintendent Census ; M. H. Mahmood , [comp.] aCensus of Pakistan, 1951 :bVillage list : Punjab : Rawalpindi District. aKarachi:bManager of Publications,c[1952] aii, 68 p. ;c24 cm. aCensus 51 ; vNo. 30B (1). a" chiefly statistical data" aPakistanzWest PakistanzRawalpindi Districtvcensus,1951 aPakistanzWest PakistanzRawalpindi District xPopulation vStatistics y1951 aMahmood, M. H. , [comp.] aCensus 51 ; vNo. 30B (1).